| 000 | 00402 a2200169 4500 | ||
|---|---|---|---|
| 001 | 69975 | ||
| 020 | _a8516031640 | ||
| 040 | _cAnchieta - Itaigara | ||
| 100 | _aQueirós, Bartolomeu Campos | ||
| 240 | 1 | 0 |
_aOnde tem bruxa tem fada... _lpor |
| 245 | 1 | 0 | _aOnde tem bruxa tem fada... |
| 300 | _a29[3p.] | ||
| 362 | 0 | _a2002 | |
| 440 | 1 | _aModerna | |
| 650 | 4 | _aLiteratura infanto-juvenil | |
| 942 | _cBK | ||
| 999 |
_c69975 _d69975 |
||